[Event "CAN-ch U12"]
[Site "Windsor"]
[Date "2010.07.09"]
[Round "7"]
[White "Rice, Steven"]
[Black "Papadopoulos, Andrew"]
[Result "0-1"]
[WhiteElo "1116"]
[BlackElo "1005"]
[PlyCount "106"]
[EventDate "2010.07.06"]
[EventType "swiss"]
[EventRounds "7"]
[EventCountry "CAN"]
[SourceTitle "EXT 2012"]
[Source "ChessBase"]
[SourceDate "2011.11.24"]
[SourceVersion "1"]
[SourceVersionDate "2011.11.24"]
[SourceQuality "1"]

1. e4 e6 2. d4 d6 3. Nf3 Nc6 4. Nc3 Nf6 5. Bb5 a6 6. Bxc6+ bxc6 7. 0-0 Bb7 8. Bg5 h6 9. Bxf6 Qxf6 10. a3 Qd8 11. b4 Rb8 12. h3 g6 13. g4 f5 14. exf5 gxf5 15. gxf5 exf5 16. Qe2+ Be7 17. Nh4 Qc8 18. Ng6 Rh7 19. Rae1 Kf7 20. Nxe7 Rg7+ 21. Kh1 c5+ 22. Kh2 Rg2+ 23. Kh1 Qd8 24. Rg1 Rxf2+ 25. Rg2 Rxe2 26. Rexe2 Bxg2+ 27. Kxg2 cxb4 28. axb4 Rxb4 29. d5 a5 30. Nxf5 Qg8+ 31. Kf2 Rf4+ 32. Ke1 Rxf5 33. Rf2 Qe8+ 34. Kf1 Rxf2+ 35. Kxf2 a4 36. Nxa4 Qxa4 37. c3 Qc2+ 38. Kf3 Qxc3+ 39. Kg2 c5 40. dxc6 Qxc6+ 41. Kg3 d5 42. Kf3 d4+ 43. Ke2 Qc4+ 44. Kf3 d3 45. Ke3 Qc3 46. Kf4 d2 47. h4 d1Q 48. Ke4 Qa4+ 49. Kd5 Qca5+ 50. Kd6 Q4b4+ 51. Kc6 Qbb6+ 52. Kd7 Qaa7+ 53. Kc8 Qbb8# 0-1

[Event "CAN-ch U12"]
[Site "Windsor"]
[Date "2010.07.08"]
[Round "5"]
[White "Pernasilici, Lorenzo"]
[Black "Papadopoulos, Andrew"]
[Result "0-1"]
[WhiteElo "1148"]
[BlackElo "1005"]
[PlyCount "92"]
[EventDate "2010.07.06"]
[EventType "swiss"]
[EventRounds "7"]
[EventCountry "CAN"]
[SourceTitle "EXT 2012"]
[Source "ChessBase"]
[SourceDate "2011.11.24"]
[SourceVersion "1"]
[SourceVersionDate "2011.11.24"]
[SourceQuality "1"]

1. e4 e6 2. Nc3 Nc6 3. Bc4 e5 4. Qf3 Nf6 5. d3 d6 6. Bg5 Bg4 7. Qg3 h5 8. Bxf6 Qxf6 9. Nh3 Nd4 10. 0-0 0-0-0 11. Nd5 Ne2+ 12. Kh1 Nxg3+ 13. hxg3 Qe6 14. Nb6+ cxb6 15. Bxe6+ Bxe6 16. Ng5 Be7 17. Nf3 h4 18. gxh4 Bxh4 19. Nxh4 Rxh4+ 20. Kg1 Rdh8 21. f3 Rh1+ 22. Kf2 R1h2 23. Rh1 Rxh1 24. Rxh1 Rxh1 25. c4 Ra1 26. a3 Ra2 27. Ke3 Rxb2 28. d4 Rxg2 29. dxe5 dxe5 30. f4 Rg3+ 31. Kf2 Rxa3 32. fxe5 Bxc4 33. e6 fxe6 34. e5 a5 35. Ke1 Ra2 36. Kd1 b5 37. Kc1 Rh2 38. Kb1 Bd3+ 39. Ka1 Bc4 40. Kb1 a4 41. Ka1 g5 42. Kb1 g4 43. Kc1 g3 44. Kd1 a3 45. Ke1 a2 46. Kd1 a1R# 0-1